000 00750nam a2200229 i 4500
001 6750
003 ES-MaACL
005 20230906145057.0
007 t|
008 900316s1986 sp ||||1| spa d
020 _a84-01-35143-X
080 _a32:92 Mugica Herzog, Enrique
100 1 _aMugica Herzog, Enrique.
_984064
245 1 0 _aItinerario hacia la libertad /
_cEnrique Mugica Herzog.
250 _a1a ed.
260 _aBarcelona :
_bPlaza & Janés,
_c1986.
300 _a256 p., [16] p. de fot. bl. y n. ;
_c22 cm.
500 _aIndice.
600 1 4 _aMúgica Herzog, Enrique-
_xBiografías.
_984065
651 4 _aEspaña-
_xHistoria-
_y1939-1975, Dictadura-
_vRelatos personales.
_9137431
852 _aES-MaACL
_jL-13959
_bR.117646
_z. - rust.
999 _c6750
_d6750